| 000 | 01222nam a22002537a 4500 | ||
|---|---|---|---|
| 999 |
_c81396 _d318673 |
||
| 003 | OSt | ||
| 005 | 20220810124236.0 | ||
| 008 | 220810b2015 jo ||||g |||| 00| 0 ara d | ||
| 020 | _a97899575665050 | ||
| 040 |
_aMa-Un _cMa-Un |
||
| 082 |
_221 _a922.583 _bب ص ت |
||
| 100 |
_aالبلقيني، صالح بن عمر بن رسلان. _996899 |
||
| 245 |
_aترجمة شيخ الإسلام قاضي القضاة جلال الدين البلقيني / _cتصنيف أخيه الإمام الفقيه العلامة علم الدين صالح بن عمر البلقيني ؛ اعتنى بتحقيقها سليم محمد عامر. |
||
| 250 | _aط.1. | ||
| 260 |
_aعمان، الأردن : _bأروقة للدراسات والنشر، _c2015 _m1436 |
||
| 300 |
_a2 مج. ؛ _c24 سم. |
||
| 490 |
_aالمكتبة اليقينية. _v(2). |
||
| 504 | _aيشتمل على قائمة ببليوجرافية. | ||
| 600 |
_aابن البلقيني، عبد الرحمن بن عمر بن رسلان. _d763-824 هـ. _996903 |
||
| 650 |
_aالفقه الشافعي. _xتراجم. _996904 |
||
| 700 |
_aعامر، سليم محمد. _eتحقيق. _996905 |
||
| 942 |
_2ddc _cBOOK |
||
| 243 | _aالمكتبة اليقينية. | ||